Statistiques concernant Quiz sur les Pays-Bas

Cliquez ici pour prendre le quiz!

Statistiques générales

  • Ce quiz a été pris 4 413 fois
  • Le résultat moyen est 13 sur 24

Statistiques - réponses

QuestionRéponse% Correct
Villes les plus peupléesAmsterdam
99%
Pays frontaliersBelgique
99%
Pays frontaliersAllemagne
98%
Villes les plus peupléesRotterdam
93%
Peintre de « La Nuit étoilée »Vincent Van Gogh
77%
Le prix de cette fleur a flambé
lors du XVIIème siècle, atteignant
10 fois le salaire annuel d'un artisan
Tulipe
74%
Principal club de football de la capitale,
nommé d'après un héros grec
Ajax
67%
Fromage le plus consomméGouda
65%
Villes les plus peupléesLa Haye
65%
Pays qui était autrefois appelé
« Indes Orientales Néerlandaises »
Indonésie
61%
Île des Antilles que les Pays-Bas
partagent avec la France
Saint Martin
60%
Bière la plus célèbreHeineken
53%
Type d'ouvrage caractéristique des
Pays-Bas empêchant les crues
Digue
51%
Bâtiments typiques de la Hollande
que l'on trouve notamment à Kinderdijk
Moulins
50%
Peintre de « La Ronde de nuit »Rembrandt
39%
Titre porté par l'héritier du trônePrince d'{Orange}
38%
Compagnie aérienne nationaleKLM
36%
Principale compagnie pétrolièreShell
32%
Étendue artificielle de terre gagnée sur
l'eau, aménagée grâce à ces ouvrages
Polder
31%
Ancienne devise monétaire, avant l'euroFlorin
28%
Roi actuelWillem-Alexander
25%
Principale banque néerlandaiseING
23%
Célèbre philosophe rationaliste
néerlandais d'origine juive portugaise
Baruch Spinoza
21%
Scientifique néerlandais qui fut le premier
à observer des organismes unicellulaires
Antoni van
{Leeuwenhoek}
8%

Distribution des résultats

Percentile par nombre de réponses

% des personnes avec chaque résultat

Votre développement - résultats

Vous n’avez pas pris ce quiz